ბათუმის შოთა რუსთაველის სახელმწიფო უნივერსიტეტის ბიბლიოთეკა

თხზულებანი / (ბიბ.ჩანაწერი № 39683)

000 -ლიდერი
ფიქსირებული სიგრძის საკონტროლო ველი 00785nam a2200205Ia 4500
001 - საკონტროლო ნომერი
საკონტროლო ველი 6286
003 - საკონტროლო ნომრის იდენტიფიკატორი
საკონტროლო ველი GE_BSU
005 - ბოლო ოპერაციის თარიღი და დრო
საკონტროლო ველი 20191023153145.0
008 - ფიქსირებული სიგრძის მონაცემთა ელემენტები - ზოგადი ინფორმაცია
ფიქსირებული სიგრძის საკონტროლო ველი 181216s1945||||g |||||||||||||| ||ge ||
040 ## - კატალოგიზაციის წყარო
Transcribing agency GE_BSU
041 ## - ენის კოდი
Language code of text/sound track or separate title geo
080 ## - უნივერსალური ათობითი კლასიფიკაციის ინდექსი
Universal Decimal Classification number 821.353.1(092ბარათაშვილი) ბ-25
100 ## - მთავარი ჩანაწერი - პიროვნების სახელი
Personal name ბარათაშვილი, ნიკოლოზ
9 (RLIN) 4936
245 ## - ცნობა სათაურის შესახებ
Title თხზულებანი /
Statement of responsibility, etc ნიკოლოზ ბარათაშვილი ; რედ. გ. ლეონიძე.
264 ## - წარმოების, გამოცემის, დისტრიბუციის და სხვა ცნობები
გამოცემის, წარმოების, დისტრიბუციის... ადგილი თბილისი :
გამოცემის, წარმოების, დისტრიბუციის... სახელწოდება სახელგამი ;
გამოცემის, წარმოების, დისტრიბუციის... თარიღი 1945.
300 ## - ფიზიკური აღწერა
Extent 118 გვ. ;
Dimensions 20 სმ.
653 ## - INDEX TERM--UNCONTROLLED
Uncontrolled term თხზულებანი
700 ## - ADDED ENTRY--PERSONAL NAME
Personal name ლეონიძე, გ.
Relator term რედაქტორი
9 (RLIN) 4946
942 ## - ADDED ENTRY ELEMENTS (KOHA)
Koha item type წიგნი
Source of classification or shelving scheme
ეგზემპლარები
ჩამოწერის სტატუსი დაკარგული ეგზემპლარის სტატუსი კლასიფიკაციის წყარო ან თაროზე გაწყობის სქემა დაზიანების სტატუსი არ გაიცემა მუდმივი მდებარეობა (დაცვის ადგილი) ამჟამინდელი ადგილსამყოფელი თაროზე განთავსების ადგილი შეძენის თარიღი ღირებულება, შესყიდვის ნორმალური ფასი სრული შენახვის შიფრი შტრიხკოდი ბოლო ოპერაციის თარიღი ეგზემპლარის მიმდევრობითი ნომერი (კეტერი?) ფასის ძალაში შესვლის თარიღი ეგზემპლარის სახეობა საჯარო შენიშვნა
          ბათუმის შოთა რუსთაველის სახელმწიფო უნივერსიტეტის მთავარი ბიბლიოთეკა ბათუმის შოთა რუსთაველის სახელმწიფო უნივერსიტეტის მთავარი ბიბლიოთეკა წიგნსაცავი 2018-12-17 3.00 821.353.1(092ბარათაშვილი) ბ-25 14202 2018-12-17 14202 2018-12-17 წიგნი 3.00 ლ.
          ბათუმის შოთა რუსთაველის სახელმწიფო უნივერსიტეტის მთავარი ბიბლიოთეკა ბათუმის შოთა რუსთაველის სახელმწიფო უნივერსიტეტის მთავარი ბიბლიოთეკა წიგნსაცავი 2018-12-17 3.00 821.353.1(092ბარათაშვილი) ბ-25 14203 2018-12-17 14203 2018-12-17 წიგნი 3.00 ლ.
          ბათუმის შოთა რუსთაველის სახელმწიფო უნივერსიტეტის მთავარი ბიბლიოთეკა ბათუმის შოთა რუსთაველის სახელმწიფო უნივერსიტეტის მთავარი ბიბლიოთეკა წიგნსაცავი 2018-12-17 3.00 821.353.1(092ბარათაშვილი) ბ-25 14204 2018-12-17 14204 2018-12-17 წიგნი 3.00 ლ.
          ბათუმის შოთა რუსთაველის სახელმწიფო უნივერსიტეტის მთავარი ბიბლიოთეკა ბათუმის შოთა რუსთაველის სახელმწიფო უნივერსიტეტის მთავარი ბიბლიოთეკა წიგნსაცავი 2018-12-17 6.00 821.353.1(092ბარათაშვილი) ბ-25 14205 2018-12-17 14205 2018-12-17 წიგნი 6.00 ლ.
          ბათუმის შოთა რუსთაველის სახელმწიფო უნივერსიტეტის მთავარი ბიბლიოთეკა ბათუმის შოთა რუსთაველის სახელმწიფო უნივერსიტეტის მთავარი ბიბლიოთეკა წიგნსაცავი 2018-12-17   821.353.1(092ბარათაშვილი) ბ-25 31065 2018-12-17 31065 2018-12-17 წიგნი  
          ბათუმის შოთა რუსთაველის სახელმწიფო უნივერსიტეტის მთავარი ბიბლიოთეკა ბათუმის შოთა რუსთაველის სახელმწიფო უნივერსიტეტის მთავარი ბიბლიოთეკა წიგნსაცავი 2018-12-17 3.00 821.353.1(092ბარათაშვილი) ბ-25 38178 2018-12-17 38178 2018-12-17 წიგნი 3.00 ლ.
          ბათუმის შოთა რუსთაველის სახელმწიფო უნივერსიტეტის მთავარი ბიბლიოთეკა ბათუმის შოთა რუსთაველის სახელმწიფო უნივერსიტეტის მთავარი ბიბლიოთეკა წიგნსაცავი 2019-10-23 6.00 821.353.1(092ბარათაშვილი) ბ-25 14201 2019-10-23 14201 2019-10-23 წიგნი 6.00 ლ.
          ბათუმის შოთა რუსთაველის სახელმწიფო უნივერსიტეტის მთავარი ბიბლიოთეკა ბათუმის შოთა რუსთაველის სახელმწიფო უნივერსიტეტის მთავარი ბიბლიოთეკა წიგნსაცავი 2019-10-23 3.00 821.353.1(092ბარათაშვილი) ბ-25 14217 2019-10-23 14217 2019-10-23 წიგნი 3.00 ლ.